Loading...
| Beliefs | 1 | 3 | 0 | 0 | 45 | 55 | 84.50 | 4 | 4 |
| Science - Physics | 0 | 3 | 1 | 0 | 25 | 88 | 107.33 | 1 | 2 |
| History - Ancient History | 2 | 0 | 1 | 0 | 25 | 32 | 34.00 | 2 | 2 |
| Philosophy | 1 | 1 | 0 | 0 | 25 | 72 | 79.50 | 2 | 2 |
| History - American History | 0 | 2 | 0 | 0 | 20 | 84 | 86.00 | 2 | 2 |
| Science - Biology | 1 | 0 | 0 | 0 | 15 | 57 | 57.00 | 1 | 1 |
| History - European History | 1 | 0 | 0 | 0 | 15 | 58 | 58.00 | 0 | 1 |
| Literature - European Literature | 1 | 0 | 0 | 0 | 15 | 57 | 57.00 | 1 | 1 |
| Auditory Arts | 0 | 1 | 0 | 0 | 10 | 114 | 114.00 | 0 | 1 |
| Literature - World Literature | 0 | 1 | 0 | 0 | 10 | 107 | 107.00 | 0 | 1 |
| Science - Other Science | 0 | 1 | 0 | 1 | 10 | 116 | 116.00 | 0 | 0 |
| Social Science | 0 | 1 | 1 | 0 | 5 | 103 | 103.00 | 1 | 1 |
| Fine Arts - Other Arts | 0 | 0 | 1 | 0 | -5 | 0.00 | 0 | 0 |